The latest development in the application of the seismic rubber bearing technology (Record no. 70817)

MARC details
000 -LEADER
fixed length control field 00384nam a2200109Ia 4500
100 ## - MAIN ENTRY--AUTHOR NAME
Personal name Malek K A
245 #4 - TITLE STATEMENT
Title The latest development in the application of the seismic rubber bearing technology
260 ## - PUBLICATION, DISTRIBUTION, ETC. (IMPRINT)
Name of publisher IRRDB International Rubber Conference 14-17 December 2011, Chiang
650 ## - SUBJECT ADDED ENTRY--TOPICAL TERM
Topical Term Seismic rubber bearing technology
942 ## - ADDED ENTRY ELEMENTS (KOHA)
Koha item type Journals
Holdings
Withdrawn status Lost status Damaged status Not for loan Home library Current library Shelving location Date acquired Koha item type
      Journals RRII Library RRII Library Rubber technology 26/09/2013 Journals